| 000 | 00724nam a2200229 u 4500 | ||
|---|---|---|---|
| 005 | 20240320063634.0 | ||
| 008 | 140901s2006 r 000 0 eng d | ||
| 020 | _a9802573221 | ||
| 035 | _aUPN01000199252 | ||
| 049 | _aI | ||
| 050 | 4 |
_aPZ26.3 _bV3.8 |
|
| 100 | 1 |
_aZeveren, Michel van, _d1970- _936057 |
|
| 245 | 1 | 0 |
_a1,2,3 gatitos / _cMichel Van Zeveren ; tr. Verónica Uribe. |
| 260 |
_aCaracas : _bEkaré, _c2006. |
||
| 300 |
_a24 p. : _bil. col. |
||
| 440 | 3 | _aEl jardín de los niños | |
| 534 |
_pTítulo original: _t1,2 3 petits chats qui savaient compter jusq´á 3 |
||
| 650 | 4 |
_aCuentos infantiles belgas _910768 |
|
| 650 | 0 |
_aAnimales _vCuentos y leyendas _9234 |
|
| 905 | _aInfantil | ||
| 999 |
_c171353 _d171353 |
||